00859cam a22002654a 450000100090000000300040000900500170001300800410003001000170007102000350008802000440012304000170016704200080018405000240019208200120021610000230022824500360025125000120028726000400029930000570033950000200039665000150041685600870043185600750051813082860OSt20211001090242.0030205s2004 maua 001 0 eng  a 2003044959 a0072549025 (hbk. : alk. paper) a007121447X (international : alk. paper) aDLCcHUdDLC apcc00aHB171.5b.C788 200400a3302211 aColander, David C.10aEconomics /cDavid C. Colander. a5th ed. aBoston :bMcGraw-Hill/Irwin,c2004. a1 v. (various pagings) :bill. (some col.) ;c27 cm. aIncludes index. 0aEconomics.423Publisher descriptionuhttp://www.loc.gov/catdir/description/mh031/2003044959.html413Table of contentsuhttp://www.loc.gov/catdir/toc/mh031/2003044959.html